01541nam a2200361 a 4500001001200000003000800012006001900020007001500039008004100054010001700095020003100112020001800143020002700161040002100188035002100209050002400230082001500254100003100269245011100300260004500411300001600456440005800472504006600530533015200596600009600748650004700844650004600891650005300937655002900990710001701019856012601036999001701162ebr10600546CaPaEBRm u cr cn|||||||||110324s2011 enk sb 001 0deng d z 2011012660 z9783034302364 (alk. paper) z9783034302364 z9783035301533 (e-book) aCaPaEBRcCaPaEBR a(OCoLC)81343240814aP306.2b.O35 2011eb04a843/.82221 aO'Driscoll, Kieran,d1963-10aRetranslation through the centuriesh[electronic resource] :bJules Verne in English /cKieran O'Driscoll. aOxford ;aNew York :bPeter Lang,c2011. axiv, 286 p. 0aNew trends in translation studies,x1664-249X ;vv. 5 aIncludes bibliographical references (p. [265]-279) and index. aElectronic reproduction.bPalo Alto, Calif. :cebrary,d2011.nAvailable via World Wide Web.nAccess may be limited to ebrary affiliated libraries.10aVerne, Jules,d1828-1905.tTour du monde en quatre-vingts joursvTranslations into English. 0aTranslating and interpretingxMethodology. 0aTranslating and interpretingxEvaluation. 0aLiteraturexTranslationsxHistory and criticism. 7aElectronic books.2local2 aebrary, Inc.40uhttp://site.ebrary.com/lib/rucke/Doc?id=10600546zAn electronic book accessible through the World Wide Web; click to view c98757d98757